000 00616nam a2200229Ia 4500
003 BUBTL
008 151213s9999 xx 000 0 und d
020 _a521379156
082 _a418.007/ N92d/ 1989
100 _aNunan, David
_94736
245 _aDesigning Tasks for The Communicative Classroom :
_cDavid Nunan
250 _a1st Edn
260 _aNew York
_bCambridge
_cc1989
300 _a[x],211p. :
_b21 cm
500 _aIncludes Index
650 _aEnglish Language
650 _a
700 _aDavid Nunan
856 _k0
_l0
_yDownload
942 _2ddc
_cBK
999 _c2584
_d2584